000 01031nam a2200217Ia 4500
999 _c39472
_d39472
001 6066
003 GE_BSU
005 20190925112358.0
008 181216s1964||||ge |||||||||||||| ||geo||
040 _cGE_BSU
041 _ageo
080 _a821.353.1-31 ა-78
100 _aარდაზიანი, ლავრენტი
_94309
245 _aთხზულებანი /
_cლავრენტი არდაზიანი ; რედ. ნ. ინასარიძე ; ტექსტი გამოსაცემად მოამზადა, შენიშვნები და კომენტარები დაურთო ცირა კალაძემ.
264 _aთბილისი :
_bსაბჭოთა საქართველო ;
_c1964.
300 _a370 გვ. ;
_c 21 სმ.
653 _aთხზულებანი
653 _aრომანები
700 _aინასარიძე, ნ.
_eრედაქტორი
_91193
942 _cBK
_2udc